Recycled inequalities : (Record no. 118498)
[ view plain ]
| 000 -LEADER | |
|---|---|
| fixed length control field | 01526cam a2200373 a 4500 |
| 001 - CONTROL NUMBER | |
| control field | 11936770 |
| 003 - CONTROL NUMBER IDENTIFIER | |
| control field | ARRUPE |
| 005 - DATE AND TIME OF LATEST TRANSACTION | |
| control field | 20131105114731.0 |
| 008 - FIXED-LENGTH DATA ELEMENTS--GENERAL INFORMATION | |
| fixed length control field | 000610s1999 sw a b 000 0 engsd |
| 010 ## - LIBRARY OF CONGRESS CONTROL NUMBER | |
| LC control number | 00309461 |
| 020 ## - INTERNATIONAL STANDARD BOOK NUMBER | |
| International Standard Book Number | 9171064559 |
| 035 ## - SYSTEM CONTROL NUMBER | |
| System control number | (OCoLC)ocm43495167 |
| 035 ## - SYSTEM CONTROL NUMBER | |
| System control number | (FU)AMR3397 |
| 035 ## - SYSTEM CONTROL NUMBER | |
| System control number | (Source)ONILE112- 4 |
| 040 ## - CATALOGING SOURCE | |
| Original cataloging agency | OHX |
| Transcribing agency | OHX |
| Modifying agency | FUG |
| -- | DLC |
| 042 ## - AUTHENTICATION CODE | |
| Authentication code | lccopycat |
| 043 ## - GEOGRAPHIC AREA CODE | |
| Geographic area code | f-za--- |
| 050 00 - LIBRARY OF CONGRESS CALL NUMBER | |
| Classification number | HQ799.Z33 |
| Item number | S36 1999 |
| 300 ## - PHYSICAL DESCRIPTION | |
| Other physical details | ill. ; |
| Dimensions | 21 cm. |
| 100 1# - MAIN ENTRY--PERSONAL NAME | |
| Personal name | Schlyter, Ann. |
| 9 (RLIN) | 3169 |
| 245 10 - TITLE STATEMENT | |
| Title | Recycled inequalities : |
| Remainder of title | youth and gender in George compound, Zambia / |
| Statement of responsibility, etc | Ann Schlyter. |
| 260 ## - PUBLICATION, DISTRIBUTION, ETC. (IMPRINT) | |
| Place of publication, distribution, etc | Uppsala : |
| Name of publisher, distributor, etc | Nordiska Afrikainstitutet ; |
| Place of publication, distribution, etc | Somerset, NJ : |
| Name of publisher, distributor, etc | Distributed in North America [by] Transaction Publishers, |
| Date of publication, distribution, etc | 1999. |
| 300 ## - PHYSICAL DESCRIPTION | |
| Extent | 135 p. : |
| 490 1# - SERIES STATEMENT | |
| Series statement | Research report / Scandinavian Institute of African Studies, |
| International Standard Serial Number | 1104-8425 ; |
| Volume number/sequential designation | 114 |
| 504 ## - BIBLIOGRAPHY, ETC. NOTE | |
| Bibliography, etc | Includes bibliographical references (p. 131-135). |
| 650 #0 - SUBJECT ADDED ENTRY--TOPICAL TERM | |
| Topical term or geographic name as entry element | Sex role |
| Geographic subdivision | Zambia |
| -- | George (Lusaka) |
| 9 (RLIN) | 3170 |
| 650 #0 - SUBJECT ADDED ENTRY--TOPICAL TERM | |
| Topical term or geographic name as entry element | Gender identity |
| Geographic subdivision | Zambia |
| -- | Lusaka. |
| 9 (RLIN) | 3171 |
| 651 #0 - SUBJECT ADDED ENTRY--GEOGRAPHIC NAME | |
| Geographic name | Youth |
| Geographic subdivision | Zambia |
| -- | George (Lusaka) |
| 9 (RLIN) | 3172 |
| 651 #0 - SUBJECT ADDED ENTRY--GEOGRAPHIC NAME | |
| Geographic name | George (Lusaka, Zambia) |
| General subdivision | Social conditions. |
| 9 (RLIN) | 3173 |
| 710 2# - ADDED ENTRY--CORPORATE NAME | |
| Corporate name or jurisdiction name as entry element | Nordiska Afrikainstitutet. |
| 9 (RLIN) | 3174 |
| 830 #0 - SERIES ADDED ENTRY--UNIFORM TITLE | |
| Uniform title | Research report (Nordiska Afrikainstitutet) ; |
| Volume number/sequential designation | no. 114. |
| 9 (RLIN) | 3175 |
| 906 ## - LOCAL DATA ELEMENT F, LDF (RLIN) | |
| a | 7 |
| b | cbc |
| c | copycat |
| d | 3 |
| e | ncip |
| f | 20 |
| g | y-gencatlg |
| 942 ## - ADDED ENTRY ELEMENTS (KOHA) | |
| Source of classification or shelving scheme | Library of Congress Classification |
| Koha item type | Monograph ( Printed materials) |
| Withdrawn status | Lost status | Source of classification or shelving scheme | Damaged status | Not for loan | Collection code | Home library | Current library | Shelving location | Date acquired | Total Checkouts | Full call number | Barcode | Date last seen | Price effective from | Koha item type |
|---|---|---|---|---|---|---|---|---|---|---|---|---|---|---|---|
| Library of Congress Classification | Main Collection | ARRUPE LIBRARY | ARRUPE LIBRARY | Main Collection | 05/11/2013 | HQ799.Z33 S36 1999 | 46410470 | 09/05/2018 | 05/11/2013 | Monograph ( Printed materials) |